Testovanie digitálnych nivelačných prístrojov

Gespeichert in:
Bibliographische Detailangaben
1. Verfasser: Ondrišák, Martin (Verfasst von)
Weitere Verfasser: Kyrinovič, Peter (Betreuung Doktorarbeit)
Format: Manuskript Buch
Sprache:Slowakisch
Veröffentlicht: 2016
Schlagworte:
Online-Zugang:http://is.stuba.sk/zp/portal_zp.pl?podrobnosti=131414
https://opac.crzp.sk/?fn=detailBiblioForm&sid=FFEED6484134604A3A79AAB88729
Tags: Tag hinzufügen
Keine Tags, Fügen Sie das erste Tag hinzu!

MARC

LEADER 00000ntm a22000003a 4500
001 stuzp57184
003 SK-STU
005 20230608145008.3
007 ta
008 150427s2015----xo-----f-mn---000-0-slo-d
040 |a STU  |b slo 
041 0 |a slo 
100 1 |a Ondrišák, Martin  |u 010140  |4 aut  |U SvF Stavebná fakulta  |T SvF Katedra geodézie  |X 62954  |U V140  |Y 14  |7 62954 
242 0 1 |a Testovanie digitálnych nivelačných prístrojov  |y eng 
245 1 0 |a Testovanie digitálnych nivelačných prístrojov 
260 |c 2016 
650 4 |a Digitálny nivelačný prístroj  |2 slo 
650 4 |a Testovanie presnosti prístroja  |2 slo 
650 4 |a Kódová nivelačná lata  |2 slo 
650 4 |a Electronic level instrument  |2 eng 
650 4 |a Coded grade stake  |2 eng 
650 4 |a Ecuracy digital levels testing  |2 eng 
700 1 |a Kyrinovič, Peter  |u 010140  |k Z1  |4 ths  |U SvF Stavebná fakulta  |T SvF Katedra geodézie  |X 2924  |U V140  |Y 14  |7 A000002924 
856 4 |u http://is.stuba.sk/zp/portal_zp.pl?podrobnosti=131414 
856 4 |u https://opac.crzp.sk/?fn=detailBiblioForm&sid=FFEED6484134604A3A79AAB88729 
SQL |a stuzp57184  |b DBP  |c SLO  |d Testovanie digitálnych nivelačných prístrojov  |e 62954  |f Ondrišák, Martin  |g 010140  |h 2924  |i Kyrinovič, Peter  |j 20160621  |k 1245  |l 01  |m http://is.stuba.sk/zp/portal_zp.pl?podrobnosti=131414  |n B-GKK  |o 5.1.3. geodézia a kartografia